Normal view
MARC view
Entry Personal Name
001 - CONTROL NUMBER
- control field: 652
003 - CONTROL NUMBER IDENTIFIER
- control field: dpl
005 - DATE AND TIME OF LATEST TRANSACTION
- control field: 20100722121954.0
008 - FIXED-LENGTH DATA ELEMENTS
- fixed length control field: 100722|||a|||||| | ||| d
040 ## - CATALOGING SOURCE
- Original cataloging agency: dpl
- Transcribing agency: dpl
100 ## - HEADING--PERSONAL NAME
- Personal name: Chris Deffy
670 ## - SOURCE DATA FOUND
- Source citation: Work cat.: (dpl): Daffy, Chris 651, Once a customer,always a customer, 2010
670 ## - SOURCE DATA FOUND
- Source citation: Work cat.: (dpl): Daffy, Chris 651, Once a customer,always a customer, 2010
